| 000 | 00634nam a22002057a 4500 | ||
|---|---|---|---|
| 003 | OSt | ||
| 005 | 20210421080311.0 | ||
| 008 | 210224s1966 ||||| |||| 00| 0 eng d | ||
| 040 |
_aeng _beng _cDLC |
||
| 041 | _aeng | ||
| 080 |
_a77 _bT-99 |
||
| 100 |
_91114 _aTydings, S. Kenneth |
||
| 245 |
_aNikon F Eye-Level Reflex Guide _b: Modern Camera Guide Series _c/ by: American Photographic Book Publishing Co, Inc |
||
| 260 |
_aNew York _bAmerican Photographic Book Publishing Co, Inc _c1966 |
||
| 300 |
_a127 p. _bill. |
||
| 365 | _b1.95 usd | ||
| 650 | 0 |
_9847 _aPhotography |
|
| 653 | _aფოტოგრაფია | ||
| 942 |
_2udc _cBK |
||
| 999 |
_c1702 _d1702 |
||